000 00612nam a2200217Ia 4500
003 GCL
008 140319s9999 xx 000 0 ara d
040 _aGCL /
_cGCL
082 0 4 _a378.12
_bر ا
100 1 _aرياض الصمد
245 1 0 _aالاستاذ الجامعى والتفرغ /
_cرياض الصمد
300 _a63 ص
490 _aندوة الدراسات الانمائية
_v0
650 0 4 _aالتعليم
650 0 4 _aالتعليم العالى
650 0 4 _aالتدريس
650 0 4 _aالجامعة
650 0 4 _aالمدرسون
650 0 4 _aالتفرغ
942 _2ddc
_cBK
999 _c50979
_d50979